00960nam a2200289 a 450000100060000000300090000600500170001500600090003200800410004101500120008201700510009402000180014503500210016304000280018404100130021208000250022508200150025010000250026524501210029026001110041130000480052249000260057049000290059665000120062565000170063765000160065425414CO-ViMGA20230915224346.0a5048117141112s2004 ck r 000 u spa d aMON1105 aGI 1436 - 2010 Oficina Depósito Legal Girona a9788498856019 a(OCoLC)776268842 aCO-ViMGAbspacCO-ViMGA aspabeng a821.111(73) - 91"19" a741.5 B78c1 aBrubaker, Ed 1966 - 10aCapitan América / cEd Brubaker ; ilustraciones Mike Perkins, Lee Weeks, Gene Colan ; Traducción Gonzalo Quesada aTorroella de Montgri¡, cGirona Panini España ; Barcelona distribución, cSd Distribuciones cop. 2011 a[168] p. principalmente il. col. y n. 27 cm aCapitán América 4 aMarvel Deluxe; Civil War14aComics 14aHistorietas 14aSuperheroes